| 000 | 00828nam a2200241 4500 | ||
|---|---|---|---|
| 003 | OSt | ||
| 005 | 20260530115309.0 | ||
| 008 | 260508b |||||||| |||| 00| 0 eng d | ||
| 040 |
_aICI _bspa _cICI |
||
| 041 | _aspa | ||
| 050 |
_aNK7398 _bA35 |
||
| 245 | 1 | 3 |
_aEl alhajero danés : The danish jewellery box : _bdiseño contemporáneo = contemporary design / _cdirección Bodil Busk Laursen |
| 264 | 1 |
_aMéxico : _bKunst Industri Museum : _bMuseo Franz Mayer, _c2008 |
|
| 300 |
_a48 páginas : _bilustraciones |
||
| 336 |
_atexto _2rdacontent |
||
| 337 |
_asin medio _2rdamedia |
||
| 338 |
_avolumen _2rdacarrier |
||
| 650 | 4 |
_aJoyería danesa _932504 |
|
| 650 | 4 |
_aDiseño de joyas _zDinamarca _932505 |
|
| 650 | 4 |
_aArtes decorativas escandinavas _932506 |
|
| 700 | 1 |
_aBusk Laursen, Bodil, _bdirector _932507 |
|
| 942 |
_2lcc _cBK _n1 |
||
| 999 |
_c13246 _d13246 |
||